000 00613nam a22002057a 4500
003 0
005 20251111103059.0
008 251111b xxu||||| |||| 00| 0 eng d
020 _a0-515-12349-8
050 _aPS 3566.A686
_b.P37 1997
100 _aParker, Robert B.,
_eauthor.
245 _aNight passage /
_cRobert B. Parker.
260 _aNew York, NY :
_bJove Books,
_c1997.
300 _a324 pages ;
_c18 cm.
650 _aDetective and mystery fiction.
650 _aSpenser (Fictitious character)
_xFiction.
650 _aPrivate investigators
_xFiction.
650 _aCrime
_xFiction.
942 _2lcc
_cBK
999 _c368566
_d368566